02106nam a2200361 i 4500001001000000003000900010005001700019007000300036008004100039040003000080041000800110082002500118245011200143264011400255300004300369336002800412337003500440338003000475490003300505500004200538500003800580505003600618590002700654650004200681650004400723942001400767952023800781952014801019952014801167952020701315952020701522999001501729000008979DO-SdBNP20260205134700.0ta090922s1972 dr 000 p spa d aDO-SdBNPbspacBNPHUerda aspa 4aRD861.408bR918a22200aAntología panorámica de la poesía dominicana contemporánea (1912-1962) /ccompilador, Manuel Rueda. aSantiago de los Caballeros, República Dominicana :bUniversidad Católica Madre y Maestra, (UCMM), c1972. avolúmenes :bilustraciones ;c21 cm. atextobtxt2rdacontent  asin mediación bn2rdamedia  avolumen bnc2rdacarrier 0 aColección Contemporáneos aIncluye notas al pie de las páginas aLa bibliotecca posee el volumen 10 gv.1tLos movimientos literarios aInventariado, 2026 /LP 7aPoesía dominicanavColecciones9351 7aLiteratura dominicanavColecciones9352 2ddccLBS1 00102ddc56708DSaBNPHUbBNPHUcHDd2011-03-01eDonaciónl0oBNPHU DS RD861.408 A634pp8979-30r2020-06-25te. 3w2020-06-25yLBS1zPerteneció a la biblioteca personal de Chiqui Vicioso / Fidelio Despradel.ZPréstamo en sala 00102ddc56708DSaBNPHUbBNPHUcHDd2011-05-30l0oBNPHU DS RD861.408 A634pp8979-40r2020-06-25te. 4w2020-06-25yLBS1ZPréstamo en sala 00102ddc56708DSaBNPHUbBNPHUcHDd2013-05-07l0oBNPHU DS RD861.408 A634pp8979-50r2020-06-25te. 5w2020-06-25yLBS1ZPréstamo en sala 00102ddc51708PDaBNPHUbBNPHUcHDd2009-09-28l0oBNPHU PD RD861.408 A634pp8979-10r2020-06-25w2020-06-25yLBS1zPerteneció a la biblioteca personal de Germán Emilio Ornes.ZPréstamo interno 00102ddc51708PDaBNPHUbBNPHUcHDd2009-10-14eDonado por Dr. Joaquín Balaguerl0oBNPHU PD RD861.408 A634pp8979-20r2020-06-25te. 2w2020-06-25yLBS1zDr. Joaquín BalaguerZPréstamo interno c8743d8743